Firmy według miejscowości w Polsce - Statystyki

Ogólne statystyki
  • Ten quiz został rozwiązany 42 razy
  • Średni wynik to 4 z 8
Statystyki odpowiedzi
Firma Miejscowość % Poprawnych
mBank Warszawa
90%
Orlen Płock
79%
Tymbark Tymbark
76%
Maspex Wadowice
45%
Dino Krotoszyn
41%
Lajkonik Skawina
21%
Media Expert Złotów
21%
Eurocash Komorniki
10%
Nie znaleziono quizów pasujących do podanych kryteriów
Rozkład punktacji
Procent ludzi z każdym wynikiem
Percentyl według liczby udzielonych odpowiedzi
Twoja historia wyników
Nie rozwiązałeś tego quizu